000 00575cam a2200205 4500500
005 20260329004849.0
041 _afre
042 _adc
100 1 0 _aPortevin, Catherine
_eauthor
245 0 0 _aLe Goût du moche
260 _c2021.
500 _a21
690 _aBeauté
690 _acouleur
690 _aKitsch
690 _aLaideur
690 _aTransgression
786 0 _nPhilosophie magazine | 150 | 6 | 2021-06-01 | p. 83-83 | 1951-1787
856 4 1 _uhttps://shs.cairn.info/magazine-philosophie-magazine-2021-6-page-83?lang=fr&redirect-ssocas=7080
999 _c1837952
_d1837952